[Event "GER-ch U10"]
[Site "Willingen"]
[Date "2020.10.29"]
[Round "4"]
[White "Rosenkranz, Lennard"]
[Black "Aniol, Nico"]
[Result "0-1"]
[WhiteElo "1467"]
[BlackElo "1417"]
[PlyCount "68"]
[EventDate "2020.10.26"]
[EventType "swiss"]
[EventRounds "7"]
[EventCountry "GER"]
[SourceTitle "CBM 199 Extra"]
[Source "ChessBase"]
[SourceDate "2021.01.31"]
[SourceVersion "1"]
[SourceVersionDate "2021.01.31"]
[SourceQuality "1"]

1. e4 c5 2. Nf3 Nc6 3. d4 cxd4 4. Nxd4 Nf6 5. Nc3 e5 6. Ndb5 d6 7. Bg5 a6 8. Na3 b5 9. Nd5 Be7 10. Bxf6 Bxf6 11. c3 Bg5 12. Be2 0-0 13. 0-0 f5 14. Bf3 Kh8 15. exf5 Bxf5 16. Ne3 Qc7 17. Nxf5 Rxf5 18. Qd5 Rxf3 19. Qxf3 Re8 20. Qh5 Qe7 21. Kh1 Rf8 22. Rae1 Nd8 23. Nc2 Ne6 24. Nb4 Nf4 25. Qd1 Qb7 26. f3 Be7 27. Rf2 a5 28. Nc2 Bh4 29. g3 Nh3 30. Rff1 Be7 31. Ne3 Ng5 32. Qd5 Qb6 33. Ng2 Nh3 34. f4 Qg1+ 0-1

[Event "GER-ch U10"]
[Site "Willingen"]
[Date "2020.10.28"]
[Round "2"]
[White "Allen, Phillipp"]
[Black "Rosenkranz, Lennard"]
[Result "0-1"]
[WhiteElo "1250"]
[BlackElo "1467"]
[PlyCount "116"]
[EventDate "2020.10.26"]
[EventType "swiss"]
[EventRounds "7"]
[EventCountry "GER"]
[SourceTitle "CBM 199 Extra"]
[Source "ChessBase"]
[SourceDate "2021.01.31"]
[SourceVersion "1"]
[SourceVersionDate "2021.01.31"]
[SourceQuality "1"]

1. e4 c5 2. Nf3 d6 3. d4 cxd4 4. Nxd4 a6 5. Nc3 Nf6 6. Be2 e6 7. 0-0 Qc7 8. Be3 b5 9. a3 Bb7 10. Bf3 Nbd7 11. g3 Nb6 12. Re1 Nfd7 13. Bg2 Be7 14. f4 Nc4 15. Bc1 Rc8 16. Qh5 Nf6 17. Qe2 Qc5 18. Be3 Nxe3 19. Qxe3 Bd8 20. Nb3 Qxe3+ 21. Rxe3 Bb6 22. Kf2 Ng4+ 23. Ke2 Nxe3 24. Bf3 0-0 25. Kd2 Nc4+ 26. Kc1 Be3+ 27. Kb1 Nd2+ 28. Nxd2 Bxd2 29. Ne2 f5 30. Nd4 Bxe4 31. Bxe4 fxe4 32. Nxe6 e3 33. Nd4 Rfe8 34. Ne2 Kf7 35. c3 Kf6 36. Kc2 Kf5 37. h3 Ke4 38. Rf1 a5 39. f5 Ke5 40. g4 Rf8 41. Kd3 g6 42. Nd4 Rce8 43. Nf3+ Kd5 44. Nd4 gxf5 45. gxf5 Rg8 46. f6 Rg3 47. Rf5+ Re5 48. f7 e2+ 49. Kc2 e1Q 50. Rxe5+ Qxe5 51. f8Q Qe4+ 52. Kb3 a4+ 53. Ka2 Bxc3 54. Qa8+ Kxd4 55. Qa7+ Kd3 56. Qc7 Qd5+ 57. Qc4+ Qxc4+ 58. b3 Qxb3# 0-1